000 00457nam a2200145Ia 4500
008 100415s9999 xx 000 0 und d
082 _b13406
_a581(544)
100 _aBlatter E.
245 _aThe flora of the Indian desert (Jodhpur and Jaisalmer)
260 _aBOMBAY
_c1918
_bBNHS
365 _b0
630 _aThe flora of the Indian desert (Jodhpur and Jaisalmer)
730 _aThe flora of the Indian desert (Jodhpur and Jaisalmer)
942 _cBOOK
999 _c596322
_d596319